000 00811nam a2200253 a 4500
001 BRCA_5051
005 20190320204923.0
008 081110s1903----gw-a######---#000-0#ger-#
041 _ager
044 _agw
050 4 _aND813.G6
_b.L64 1903
100 1 _aLoga, Valerian von
_910307
245 1 0 _aFrancisco de Goya
_cvon Valerian von Loga.
260 _aBerlín
_bG. Groteshe verlagsbuchhandlung
_c1903
300 _a248 p.
_bil., 126 láminas
_c27 cm.
500 _aIncluye índice onomástico e índice de los trabajos realizados por Goya
500 _aEstado físico: Encuadernación desprendida
500 _aD141
504 _aBibliografía: 240-241
600 1 4 _aGoya y Lucientes, Francisco José de
_d1746-1828
_911075
650 1 4 _aPintores españoles
_97620
902 _aGFM
942 _2lcc
_cB
999 _c4745
_d4745